Văn hóa - xã hội Bình Định

Đã lưu trong:
Sonraí Bibleagrafaíochta
Príomhúdar: Đinh, Bá Hòa
Údar Corparáideach: Hội Văn nghệ dân gian Việt Nam
Formáid: Leabhar
Teanga:Vietnamese
Foilsithe: Hà Nội Văn Hóa Thông Tin 2012
Ábhair:
Clibeanna: Cuir Clib Leis
Gan Chlibeanna, Bí ar an gcéad duine leis an taifead seo a chlibeáil!
Thư viện lưu trữ: Trung tâm Học liệu Lê Vũ Hùng, Trường Đại học Đồng Tháp
LEADER 00905aam a22002538a 4500
001 00029118
005 20171026081025.0
008 120507s2012 ||||||viesd
020 # # |a 9786045000984 
041 0 # |a vie 
082 1 4 |a 398.095 975 4  |b V115H 
100 1 # |a Đinh, Bá Hòa 
245 1 0 |a Văn hóa - xã hội Bình Định  |c Đinh Bá Hòa 
260 # # |a Hà Nội  |b Văn Hóa Thông Tin  |c 2012 
300 # # |a 302tr.  |c 21cm. 
500 # # |a ĐTTS ghi: Hội Văn nghệ dân gian Việt Nam 
650 # 4 |a Bình Định (Việt Nam)  |x Đời sống xã hội và tập quán 
653 # # |a Văn hóa 
653 # # |a Xã hội 
710 2 # |a Hội Văn nghệ dân gian Việt Nam 
852 # # |b Kho đọc  |j KD.0013589 
852 # # |j KD.0013589 
910 |d 07/05/2012 
980 # # |a Trung tâm Học liệu Lê Vũ Hùng, Trường Đại học Đồng Tháp